Fernando de los Ríos (Registro nro. 18230)

Detalles MARC
000 -LEADER
campo de control de longitud fija 03114nam a2200385 i 4500
001 - NÚMERO DE CONTROL
campo de control 18230
003 - IDENTIFICADOR DE NÚMERO DE CONTROL
campo de control ES-MaACL
005 - FECHA Y HORA DE LA ÚLTIMA TRANSACCIÓN
campo de control 20250825062716.0
007 - CAMPO FIJO DE DESCRIPCIÓN FÍSICA--INFORMACIÓN GENERAL
campo de control de longitud fija t|
008 - DATOS DE LONGITUD FIJA--INFORMACIÓN GENERAL
campo de control de longitud fija 010813s1999 sp ||||0| spa j
017 ## - NÚMERO DE COPYRIGHT O DE DEPÓSITO LEGAL
Número de copyright o de depósito legal M 48751-1999
020 ## - NÚMERO INTERNACIONAL ESTÁNDAR DEL LIBRO
Número Internacional Estándar del Libro 8481913219
040 ## - FUENTE DE CATALOGACIÓN
Centro catalogador/agencia de origen M-BN
Lengua de catalogación spa
Centro/agencia transcriptor M-BN
080 ## - NÚMERO DE LA CLASIFICACIÓN DECIMAL UNIVERSAL
Número de la Clasificación Decimal Universal 929 Ríos Urruti, Fernando de los
100 1# - ENTRADA PRINCIPAL--NOMBRE DE PERSONA
Nombre de persona Zapatero, Virgilio.
9 (RLIN) 118009
245 10 - MENCIÓN DEL TÍTULO
Título Fernando de los Ríos
Resto del título : biografía intelectual /
Mención de responsabilidad, etc. Virgilio Zapatero.
250 ## - MENCION DE EDICION
Mención de edición 1ª ed.
260 ## - PUBLICACIÓN, DISTRIBUCIÓN, ETC.
Lugar de publicación, distribución, etc. Valencia :
Nombre del editor, distribuidor, etc. Pre-Textos ;
Lugar de publicación, distribución, etc. Granada :
Nombre del editor, distribuidor, etc. Diputación de Granada,
Fecha de publicación, distribución, etc. 1999.
300 ## - DESCRIPCIÓN FÍSICA
Extensión 514 p. :
Otras características físicas il. ;
Dimensiones 25 cm.
490 1# - MENCIÓN DE SERIE
Mención de serie Pre-textos ;
Designación de volumen o secuencia 458
500 ## - NOTA GENERAL
Nota general “Es esta una biografía de Fernando de los Ríos. Tal vez algún lector que se haya animado a abrir esta primera página se pregunte quién fue Fernando de los Ríos. Es lo mismo que hace ya caso treinta años pregunté yo a Elías Díaz cuando me aconsejó hacer mi tesis doctoral sobre el pensamiento de aquél.<br/><br/>La trágica historia de España, con su guerra civil y la posterior dictadura, explica en buena parte el porqué de la pregunta. Y este trabajo es un intento de dar una respuesta que ayude a llenar esta laguna en nuestra memoria colectiva. Se trata de una biografía fundamentalmente intelectual, porque eso es lo que fundamentalmente fue el personaje. Había nacido, dice Francisco Ayala, para ser, y lo fue, básicamente un intelectual: profesor de la Universidad de Granada, de la Central de Madrid, de la que fue rector, de la New School, profesor visitante y lector en las universidades de Londres, Cambridge, Oxford, Sorbona, Columbia, California, La Habana, Puerto Rico, México, Michoacán, Panamá, Bogotá, Quito, Cuzco, La Paz, Sucre, Santiago de Chile, Montevideo o Caracas. La misma relación de universidades en las que enseñó pone de relieve ese espíritu viajero, inquieto, curioso que caracterizó a los hombres de su generación y que, en este caso, hizo de este español un buen europeo y un mejor ciudadano del mundo. Pero también es la biografía de un político; uno de los padres de la República en cuyos Gobiernos desempeñó las carteras de Justicia, Instrucción Pública y Estado a la que sirvió más tarde como Embajador en EE.UU. ante la administración Roosevelt y como ministro del Gobierno en el exilio…”.<br/>Virgilio Zapatero.
504 ## - NOTA DE BIBLIOGRAFÍA, ETC.
Nota de bibliografía, etc. Bibliografía: p. 489-504.
600 14 - PUNTO DE ACCESO ADICIONAL DE MATERIA--NOMBRE DE PERSONA
Nombre de persona Ríos, Fernando de los,
Fechas asociadas al nombre 1879-1949
9 (RLIN) 97398
655 #0 - TERMINO DE INDIZACIÓN--GENERO/FORMA
Datos o término principal de género/forma Biografías
9 (RLIN) 176647
710 1# - ENTRADA AGREGADA--NOMBRE DE ENTIDAD CORPORATIVA
Nombre de entidad corporativa o nombre de jurisdicción como elemento de entrada Granada (Provincia).
Unidad subordinada Diputación Provincial.
9 (RLIN) 4488
830 0# - PUNTO DE ACCESO ADICIONAL DE SERIE-TÍTULO UNIFORME
Título uniforme Pre-textos ;
Designación de volumen o secuencia 458
9 (RLIN) 178641
852 ## - LOCALIZACIÓN
Ubicación ES-MaACL
Número de control de estantería L-24903/Ej.1
Sublocalización o colección R.129985
itemnumber 18786
Ubicación en estantería Depósito 2
852 ## - LOCALIZACIÓN
Ubicación ES-MaACL
Número de control de estantería N-9639
Sublocalización o colección R.154880
Ubicación en estantería Depósito J
Donativo/Legado Donación: Virgilio Zapatero
itemnumber 200986
Encuadernación Encuadernación rústica con solapas (incluye faja)
Anotaciones manuscritas Dedicatoria autógrafa del autor
903 ## - NOMBRE PERSONAL DE DONANTE
9 118009
a Zapatero, Virgilio
e Donante
942 ## - ELEMENTOS DE ENTRADA SECUNDARIOS (KOHA)
Fuente del sistema de clasificación o colocación Clasificación decimal universal
Tipo de ítem Koha Libro impreso
Existencias
Estatus retirado Estado de pérdida Fuente del sistema de clasificación o colocación Estado de daño Restricciones de uso No para préstamo Biblioteca de origen Biblioteca actual Ubicación en estantería Fecha de adquisición Total de préstamos Signatura topográfica completa Código de barras Visto por última vez Precio de reemplazo Tipo de ítem Koha Colección Fuente de adquisición Nota pública
    Clasificación decimal universal   Duplicado   Biblioteca del Ateneo de Madrid Biblioteca del Ateneo de Madrid Depósito 2 17/01/2008   L-24903/Ej.1 1018639 23/02/2023 23/02/2023 Libro impreso      
    Clasificación decimal universal       Biblioteca del Ateneo de Madrid Biblioteca del Ateneo de Madrid Depósito J 29/11/2023   N-9639 101206266 03/01/2024 03/01/2024 Libro impreso Libros con dedicatorias Donación Dedicatoria autógrafa del autor